000
00332nam a2200145Ia 4500
005
20251222140033.0
008
251222s1900||||xx |||||||||||||| ||spa||
020
_a
970-666-962-0
082
_a
121.4/D61/2006
100
_a
Descartes, René
245
0
_a
Discurso del Método:
250
_a
2a.ed.
264
_b
Tomo
942
_c
LIB
999
_c
3038
_d
3038